On This Day: January 16th Quiz Stats

 Plays Quiz Updated Jan 16, 2018

Support Sporcle.
Go Orange.
Score 0/7 Timer 03:00
1 Play Today
Question Answer Wrong Answers
The Eighteenth Amendment to the United States Constitution is ratified, effectively prohibiting ______ across the nation.
1919
Alcoholic beverages
93.4%
Immigration
1.8%
Firearms
1.9%
Public protests
2.4%
Mohammad Reza Pahlavi, the last Iranian ______, flees Iran with his family and relocates to Egypt.
1979
Shah
82.2%
Sheikh
8.2%
King
4.6%
Emperor
3.4%
US President Bill Clinton awards this former President a posthumous Medal of Honor for his service in the Spanish-American War.
2001
Theodore Roosevelt
75.7%
Benjamin Harrison
6.9%
Grover Cleveland
7.6%
William Howard Taft
7.2%
This intergovernmental organization holds its first council meeting in Paris, France.
1920
League of Nations
74.8%
NATO
10.1%
United Nations
12%
World Bank
1.8%
This American playwright and composer, best known for creating and starring in the Broadway musical ‘Hamilton’, is born.
1980
Lin-Manuel Miranda
66%
Simon Levy
13.9%
Trey Parker
10.8%
Dan O'Brien
7.5%
Officials from ______ and rebel leaders sign the Chapultepec Peace Accords in Mexico City, ending a 12-year civil war that claimed at least 75,000 lives.
1992
El Salvador
57.7%
Peru
8.3%
Costa Rica
8%
Colombia
23.5%
John C. Frémont is appointed Governor of the new ______ Territory.
1847
California
48.6%
Oregon
18.6%
Alaska
22.1%
Oklahoma
10.7%

You're not logged in!

Compare scores with friends on all Sporcle quizzes.
OR
Log In

From the Vault

Crossword Blackout! III

by hockeystix3

Hey! Who turned out the lights?
Remove Ads.
Support Sporcle.
Get the best of Sporcle when you Go Orange. This ad-free experience offers more features, more stats, and more fun while also helping to support Sporcle. Thank you for becoming a member.

Show Comments

Extras

Top Quizzes Today


Score Distribution

Your Account Isn't Verified!

In order to create a playlist on Sporcle, you need to verify the email address you used during registration. Go to your Sporcle Settings to finish the process.

Report this User

Report this user for behavior that violates our Community Guidelines.

Details: